000
00495nam a2200145Ia 4500
008
100204s9999 xx 000 0 und d
082
_b
24720
100
_a
गोडबोले अरुण
245
_a
दिवस प्रतिक्षेचे
260
_b
"कौशिक प्रकाशन , पुणे"
_c
1995
300
_a
76
630
_a
दिवस प्रतिक्षेचे
730
_a
दिवस प्रतिक्षेचे
942
_c
BOOK
999
_c
469901
_d
469898